000 00609nam a2200229 a 4500
001 097367
003 BD-ChCU
005 20230204170510.0
008 993s2017 aii b 002 eng
020 _a978 81 219 2608 9
040 _aDLC
_cDLC
_dBD-ChCU
082 0 0 _a620.8/D814t
100 1 _aDubey, R.C.
_c
245 0 0 _aA textbook of biotechnology.
_c
_cR.C. Dubey
250 _a5th. ed
260 _aNew Delhi
_cS. Chand.
_c1993
300 _axiv, 602pg.
504 _aIncludes index and bibliography.
650 0 _aBiotechnology
_cBiotechnology.
700 1 _a
942 _2ddc
_cBK
999 _c97367
_d97367